Selección de personal : Discursos, prácticas, tecnologías (Record no. 63683)

MARC details
000 -LEADER
campo de control de longitud fija 00655nmm a2200193Ia 4500
008 - DATOS DE LONGITUD FIJA--INFORMACIÓN GENERAL
campo de control de longitud fija 251105s9999||||xx |||||||||||||||||und||
020 ## - NÚMERO INTERNACIONAL ESTÁNDAR DEL LIBRO
Número Internacional Estándar del Libro 9789587169638
041 ## - CÓDIGO DE IDIOMA
Código de lengua del texto/banda sonora o título independiente spa
100 ## - ENTRADA PRINCIPAL--NOMBRE DE PERSONA
Nombre de persona Carvajal Marín, Luz Mery
245 #0 - MENCIÓN DEL TÍTULO
Título Selección de personal : Discursos, prácticas, tecnologías
264 ## - PRODUCCIÓN, PUBLICACIÓN, DISTRIBUCIÓN, FABRICACIÓN Y COPYRIGHT
Producción, publicación, distribución, fabricación y copyright [Bogotá, Colombia] :
Nombre del de productor, editor, distribuidor, fabricante Editorial Pontificia Universidad Javeriana,
Fecha de producción, publicación, distribución, fabricación o copyright 2016
300 ## - DESCRIPCIÓN FÍSICA
Extensión 142 páginas
490 ## - MENCIÓN DE SERIE
Mención de serie Saber, sujeto y sociedad
650 ## - PUNTO DE ACCESO ADICIONAL DE MATERIA--TÉRMINO DE MATERIA
Término de materia o nombre geográfico como elemento de entrada Economics and Business
700 ## - ENTRADA AGREGADA--NOMBRE PERSONAL
Nombre de persona Carvajal Marín, Luz Mery
700 1# - ENTRADA AGREGADA--NOMBRE PERSONAL
Nombre de persona López Cortés, Óscar Andrés (eds.)
856 ## - LOCALIZACIÓN Y ACCESO ELECTRÓNICOS
Identificador Uniforme de Recursos <a href="https://public.digitaliapublishing.com/a/46991">https://public.digitaliapublishing.com/a/46991</a>
942 ## - ELEMENTOS DE ENTRADA SECUNDARIOS (KOHA)
Tipo de ítem Koha Libro Digital

No items available.

Powered by Koha